00370 a2200145 450000100060000008200170000610000170002324500430004025000060008326000380008930000260012750000240015352000190017774000280019666401 a658.5756 ULR aUlrich, K T. aProduct Design and Development, 1st ED a1 abostonbMcGraw-Hill, Bostonc1995 a289 pborigional copy aBE textbook IE dept aorigional book aN-446 is origional book